| 000 | 00564cam a2200169 4500500 | ||
|---|---|---|---|
| 005 | 20260322001211.0 | ||
| 041 | _afre | ||
| 042 | _adc | ||
| 100 | 1 | 0 |
_aMichaud, Yves _eauthor |
| 700 | 1 | 0 |
_aStiegler, Bernard _eauthor |
| 700 | 1 | 0 |
_aTruong, Nicolas _eauthor |
| 245 | 0 | 0 | _aYves Michaud et Bernard Stiegler. Face à l’actualité |
| 260 | _c2006. | ||
| 500 | _a34 | ||
| 786 | 0 | _nPhilosophie magazine | 2 | 6-7 | 2006-07-01 | p. 5-6 | 1951-1787 | |
| 856 | 4 | 1 | _uhttps://shs.cairn.info/magazine-philosophie-magazine-2006-6-7-page-5?lang=fr&redirect-ssocas=7080 |
| 999 |
_c1712807 _d1712807 |
||